Israelite and Judaean history / (Record no. 11032)

MARC details
000 -LEADER
fixed length control field 01183cam a2200325 i 4500
001 - CONTROL NUMBER
control field 4126056
003 - CONTROL NUMBER IDENTIFIER
control field GBCCL
005 - DATE AND TIME OF LATEST TRANSACTION
control field 20251113143903.0
008 - FIXED-LENGTH DATA ELEMENTS--GENERAL INFORMATION
fixed length control field 760827s1977 paub b 001 0 eng
020 ## - INTERNATIONAL STANDARD BOOK NUMBER
International Standard Book Number 0664212913
020 ## - INTERNATIONAL STANDARD BOOK NUMBER
International Standard Book Number 9780664212919
035 ## - SYSTEM CONTROL NUMBER
System control number 4126056
040 ## - CATALOGING SOURCE
Original cataloging agency DLC
Transcribing agency DLC
Modifying agency DLC
082 00 - DEWEY DECIMAL CLASSIFICATION NUMBER
Classification number 221.95
Item number ISR 1
245 00 - TITLE STATEMENT
Title Israelite and Judaean history /
Statement of responsibility, etc. edited by John H. Hayes and J. Maxwell Miller.
260 ## - PUBLICATION, DISTRIBUTION, ETC.
Place of publication, distribution, etc. Philadelphia :
Name of publisher, distributor, etc. Trinity press international ,
Date of publication, distribution, etc. 1990, c1977.
300 ## - PHYSICAL DESCRIPTION
Extent xxxi, 736 p. :
Other physical details maps ;
Dimensions 23 cm.
440 #4 - SERIES STATEMENT/ADDED ENTRY--TITLE
Title The Old Testament library
500 ## - GENERAL NOTE
General note Includes indexes.
504 ## - BIBLIOGRAPHY, ETC. NOTE
Bibliography, etc. note Bibliography: p. [xxv]-xxxi.
630 00 - SUBJECT ADDED ENTRY--UNIFORM TITLE
Uniform title Bible.
Name of part/section of a work Old Testament
General subdivision History of Biblical events.
630 00 - SUBJECT ADDED ENTRY--UNIFORM TITLE
Uniform title Bible.
Name of part/section of a work Old Testament
General subdivision Criticism, interpretation, etc.
-- History.
650 #0 - SUBJECT ADDED ENTRY--TOPICAL TERM
Topical term or geographic name entry element Jews
General subdivision History
Chronological subdivision To 70 A.D.
650 #0 - SUBJECT ADDED ENTRY--TOPICAL TERM
Topical term or geographic name entry element Jews
General subdivision History
Chronological subdivision To 70 A.D.
General subdivision Historiography.
700 1# - ADDED ENTRY--PERSONAL NAME
Personal name Hayes, John H.
Fuller form of name (John Haralson),
Dates associated with a name 1934-2013.
700 1# - ADDED ENTRY--PERSONAL NAME
Personal name Miller, J. Maxwell
Fuller form of name (James Maxwell),
Dates associated with a name 1937-
906 ## - LOCAL DATA ELEMENT F, LDF (RLIN)
a 7
b cbc
c orignew
d 1
e ocip
f 19
g y-gencatlg
942 ## - ADDED ENTRY ELEMENTS (KOHA)
Source of classification or shelving scheme Dewey Decimal Classification
Koha item type Books
Suppress in OPAC No
Holdings
Withdrawn status Lost status Source of classification or shelving scheme Damaged status Not for loan Home library Current Library Shelving location Date acquired Total checkouts Full call number Barcode Date last seen Copy number Price effective from Koha item type
    Dewey Decimal Classification     GRACE BIBLE COLLEGE GRACE BIBLE COLLEGE Biblical Studies 2025-11-13   221.95 ISR 017317 2025-11-13 c.1 2025-11-13 Books
© Grace Bible College Library 2025